Normal view MARC view
  • Becker, Jürgen,

Entry Personal Name

Number of records used in: 1

001 - CONTROL NUMBER

  • control field: 57598

003 - CONTROL NUMBER IDENTIFIER

  • control field:

005 - DATE AND TIME OF LATEST TRANSACTION

  • control field: 20190122082102.0

008 - FIXED-LENGTH DATA ELEMENTS

  • fixed length control field: 190122|| aca||aabn | a|a d

040 ## - CATALOGING SOURCE

  • Original cataloging agency:
  • Transcribing agency:

100 ## - HEADING--PERSONAL NAME

  • Personal name: Becker, Jürgen,
  • Dates associated with a name: 1934-
  • Relator term: autore

670 ## - SOURCE DATA FOUND

  • Source citation: Work cat.: ()0: Becker, Jürgen, 1934- autore, Paolo :, 1996.
CREDITS: SOCIETA' SAN PAOLO Via A.Severo, 58 - ROMA (RM) & PERIODICI SAN PAOLO SRL Via Giotto, 36 MILANO & CISF Via Giotto, 36 MILANO & EDIZIONI SAN PAOLO SRL,  Piazza Soncino, 5 CINISELLO BALSAMO (MI) -- ITALY